000 00245nam a2200109Ia 4500
008 190216s9999||||xx |||||||||||||| ||und||
100 _aRandhava M S
245 0 _aJeeva Parinamam
260 _bM M Publication
650 _aZoology
942 _cBK
999 _c39319
_d39319